[Event "Kiel op-A 26th"]
[Site "Kiel"]
[Date "2013.08.01"]
[Round "8"]
[White "Neumann, Joachim"]
[Black "Van Rekom, Robert"]
[Result "1-0"]
[WhiteElo "2158"]
[BlackElo "1896"]
[PlyCount "57"]
[EventDate "2013.07.27"]
[EventType "swiss"]
[EventRounds "9"]
[EventCountry "GER"]
[SourceTitle "EXT 2018"]
[Source "ChessBase"]
[SourceDate "2017.10.13"]
[SourceVersion "1"]
[SourceVersionDate "2017.10.13"]
[SourceQuality "1"]

1. c4 e6 2. g3 f5 3. Bg2 Nf6 4. Nc3 c6 5. Nf3 d5 6. d4 Bb4 7. 0-0 0-0 8. Qb3 Bxc3 9. bxc3 Nbd7 10. a4 Ne4 11. Ne1 Ndf6 12. c5 Qa5 13. Ra3 Nd7 14. f3 Nef6 15. Qb4 Qxb4 16. cxb4 e5 17. e3 b6 18. Nd3 Ba6 19. b5 cxb5 20. Nb4 Nb8 21. dxe5 bxa4 22. Nxa6 Nxa6 23. cxb6 Nd7 24. b7 Rab8 25. Rxa4 Ndc5 26. Ra5 Rxb7 27. Ba3 Re8 28. f4 Nb4 29. Rc1 1-0

[Event "Roosendaal LBV op-A"]
[Site "Roosendaal"]
[Date "2012.08.18"]
[Round "5"]
[White "Van Rekom, Robert"]
[Black "Di Bucchianico, Alessandro"]
[Result "0-1"]
[WhiteElo "1905"]
[BlackElo "2059"]
[PlyCount "66"]
[EventDate "2012.08.16"]
[EventType "swiss"]
[EventRounds "6"]
[EventCountry "NED"]
[SourceTitle "CBM 150 Extra"]
[Source "ChessBase"]
[SourceDate "2012.10.19"]
[SourceVersion "1"]
[SourceVersionDate "2012.10.19"]
[SourceQuality "1"]

1. e4 e5 2. d4 exd4 3. c3 d5 4. exd5 Qxd5 5. cxd4 Nf6 6. Nc3 Bb4 7. Be3 0-0 8. Nge2 Ne4 9. a3 Nxc3 10. Nxc3 Bxc3+ 11. bxc3 Nc6 12. c4 Qa5+ 13. Bd2 Qf5 14. Be3 Qg6 15. d5 Ne5 16. Qd4 Re8 17. Be2 Qxg2 18. 0-0-0 Bf5 19. Qb2 Qe4 20. Rhg1 Bg6 21. Rd4 Qf5 22. Rf4 Qd7 23. h4 c6 24. Bd4 Qd6 25. Qd2 Qxa3+ 26. Bb2 Qa2 27. Rxg6 hxg6 28. h5 gxh5 29. Bxh5 g6 30. Qc3 cxd5 31. Bxg6 fxg6 32. Rg4 Qa6 33. f4 Qxc4 0-1

[Event "Fourmies op 35th"]
[Site "Fourmies"]
[Date "2011.06.12"]
[Round "4"]
[White "Van Rekom, Robert"]
[Black "Lesot, Jeremy"]
[Result "0-1"]
[WhiteElo "1899"]
[BlackElo "2085"]
[PlyCount "92"]
[EventDate "2011.06.11"]
[EventType "swiss"]
[EventRounds "7"]
[EventCountry "FRA"]
[SourceTitle "CBM 142 Extra"]
[Source "ChessBase"]
[SourceDate "2011.06.27"]
[SourceVersion "1"]
[SourceVersionDate "2011.06.27"]
[SourceQuality "1"]

1. e4 c5 2. b4 cxb4 3. a3 d5 4. exd5 Qxd5 5. Nf3 Bg4 6. axb4 Bxf3 7. Qxf3 Qxf3 8. gxf3 e6 9. Bb2 Nf6 10. Nc3 Nc6 11. Nb5 Kd7 12. Bg2 Bxb4 13. 0-0 a6 14. Nd4 Nxd4 15. Bxd4 Rac8 16. Rab1 a5 17. c3 Bd6 18. Rxb7+ Rc7 19. Rfb1 Rhc8 20. Bf1 Nd5 21. Rb8 g6 22. Ba6 Rxb8 23. Rxb8 e5 24. Bb5+ Ke7 25. Be3 f5 26. Bg5+ Ke6 27. Ra8 Rc5 28. c4 Nc7 29. Rxa5 f4 30. Bd8 Nxb5 31. cxb5 Kd7 32. Bb6 Rd5 33. Ra7+ Ke6 34. Rxh7 Rxb5 35. Bc7 Rb7 36. Bxd6 Rxh7 37. Bb4 Kd5 38. Bc3 Rh5 39. Kg2 Rg5+ 40. Kf1 Kc4 41. Ke2 Rh5 42. Kf1 Kd3 43. Kg2 Rg5+ 44. Kf1 e4 45. fxe4 Kxe4 46. Ke2 f3+ 0-1

[Event "Condino op"]
[Site "Condino"]
[Date "2010.07.26"]
[Round "1"]
[White "Scharrer, Patrick"]
[Black "Van Rekom, Robert"]
[Result "1-0"]
[WhiteElo "2253"]
[BlackElo "1879"]
[PlyCount "65"]
[EventDate "2010.07.26"]
[EventType "swiss"]
[EventRounds "7"]
[EventCountry "ITA"]
[SourceTitle "CBM 137 Extra"]
[Source "ChessBase"]
[SourceDate "2010.09.01"]
[SourceVersion "1"]
[SourceVersionDate "2010.09.01"]
[SourceQuality "1"]

1. e4 e6 2. d3 d5 3. Nd2 Bc5 4. Ngf3 Nc6 5. c3 d4 6. Nb3 Bb6 7. cxd4 Bxd4 8. Nbxd4 Nxd4 9. Qa4+ Nc6 10. Bd2 Bd7 11. Bc3 e5 12. Qb5 f6 13. Qxb7 Rb8 14. Qa6 Rb6 15. Qa3 Bg4 16. Qa4 Nge7 17. Be2 Bxf3 18. Bxf3 Qxd3 19. Be2 Qd7 20. Rd1 Qc8 21. Bc4 Qg4 22. 0-0 h5 23. f3 Qg5 24. Rd3 h4 25. Rfd1 Rb8 26. Be6 Kf8 27. Qxa7 Re8 28. Qc5 h3 29. g3 g6 30. Bd7 Rd8 31. Bxc6 Rxd3 32. Rxd3 Qc1+ 33. Kf2 1-0

[Event "Fourmies op 34th"]
[Site "Fourmies"]
[Date "2010.05.22"]
[Round "1"]
[White "Delorme, Axel"]
[Black "Van Rekom, Robert"]
[Result "1/2-1/2"]
[WhiteElo "2441"]
[BlackElo "1871"]
[PlyCount "45"]
[EventDate "2010.05.22"]
[EventType "swiss"]
[EventRounds "7"]
[EventCountry "FRA"]
[SourceTitle "CBM 136 Extra"]
[Source "ChessBase"]
[SourceDate "2010.07.02"]
[SourceVersion "2"]
[SourceVersionDate "2010.07.15"]
[SourceQuality "1"]

1. e4 e6 2. d4 d5 3. Nc3 Bb4 4. e5 c5 5. a3 cxd4 6. axb4 dxc3 7. Qg4 Ne7 8. Qxg7 Rg8 9. Qxh7 Nbc6 10. Nf3 cxb2 11. Bxb2 Nxb4 12. Nd4 Qb6 13. Nb5 Rg6 14. Rc1 Na2 15. Rd1 Bd7 16. Nd6+ Kd8 17. Bd4 Qb4+ 18. Rd2 Nc3 19. Be2 Nb1 20. c3 Nxc3 21. Bd3 Nb1 22. Nxf7+ Kc7 23. 0-0 1/2-1/2

[Event "Twente Young Master op-A"]
[Site "Twente"]
[Date "2007.08.09"]
[Round "6"]
[White "Hooghwerff, Ruben"]
[Black "Van Rekom, Robert"]
[Result "1-0"]
[WhiteElo "1571"]
[BlackElo "1805"]
[PlyCount "47"]
[EventDate "2007.08.06"]
[EventType "swiss"]
[EventRounds "9"]
[EventCountry "NED"]
[SourceTitle "EXT 2008"]
[Source "ChessBase"]
[SourceDate "2007.11.25"]
[SourceVersion "1"]
[SourceVersionDate "2007.11.25"]
[SourceQuality "1"]

1. c4 Nf6 2. Nc3 e5 3. g3 c6 4. Nf3 e4 5. Nd4 d5 6. cxd5 Qb6 7. Nb3 cxd5 8. d3 Ng4 9. e3 Qf6 10. Qc2 Bb4 11. dxe4 0-0 12. Bd3 Qf3 13. 0-0 Ne5 14. Be2 Qf6 15. f4 Bxc3 16. fxe5 Qxe5 17. Qxc3 Qxe4 18. Bf3 Qg6 19. Bxd5 Bh3 20. Rf2 Nd7 21. Na5 Rac8 22. Bxf7+ Rxf7 23. Qxc8+ Nf8 24. Qxh3 1-0

[Event "Twente Young Master op-A"]
[Site "Twente"]
[Date "2007.08.07"]
[Round "3"]
[White "Van Rekom, Robert"]
[Black "Provoost, Simon"]
[Result "0-1"]
[WhiteElo "1805"]
[BlackElo "2116"]
[PlyCount "48"]
[EventDate "2007.08.06"]
[EventType "swiss"]
[EventRounds "9"]
[EventCountry "NED"]
[SourceTitle "EXT 2008"]
[Source "ChessBase"]
[SourceDate "2007.11.25"]
[SourceVersion "1"]
[SourceVersionDate "2007.11.25"]
[SourceQuality "1"]

1. f4 e6 2. Nf3 d5 3. e3 Nf6 4. b3 Nbd7 5. Bb2 b6 6. Bb5 Bd6 7. Ne5 0-0 8. Bc6 Rb8 9. Bxd7 Bxe5 10. Bxe5 Nxd7 11. Bb2 Qh4+ 12. g3 Qh3 13. Qe2 Bb7 14. Rg1 c5 15. d3 Rbc8 16. Na3 a6 17. 0-0-0 b5 18. g4 Nb6 19. Rg3 Qh6 20. Rdg1 b4 21. g5 Qg6 22. h4 bxa3 23. Ba1 c4 24. h5 Qxd3 0-1